| 000 | 00365 a2200157 4500 | ||
|---|---|---|---|
| 001 | 61170 | ||
| 020 | _a9788590337843 | ||
| 040 | _cAnchieta - Pituba | ||
| 100 | _aPorto Filho, Ubaldo Marques | ||
| 240 | 1 | 0 |
_aFamília Taboada na Bahia _lpor |
| 245 | 1 | 0 | _aFamília Taboada na Bahia |
| 300 | _a411 | ||
| 362 | 0 | _a2008 | |
| 650 | 4 | _aNomes de famílias | |
| 942 | _cBK | ||
| 999 |
_c61170 _d61170 |
||